Sports Quiz

Random Sports or Basketball Quiz
Score 0/50 Timer 10:00
0 Plays Today
State Born Player % Correct
New YorkKareem Abdul-Jabbar
88.4%
LouisianaKarl Malone
82.6%
VirginiaMoses Malone
81.9%
PennsylvaniaWilt Chamberlain
71.4%
VermontNone
65.7%
New JerseyShaquille O'Neal
62.4%
IndianaLarry Bird
60.5%
West VirginiaJerry West
52.7%
AlabamaCharles Barkley
41.8%
CaliforniaReggie Miller
39.1%
FloridaDavid Robinson
39.1%
South DakotaMike Miller
39.1%
TennesseeOscar Robertson
38.9%
WashingtonJohn Stockton
36.3%
ArkansasScottie Pippen
35.7%
OhioJohn Havlicek
35.5%
MinnesotaKevin McHale
29.2%
MontanaPhil Jackson
27.6%
South CarolinaAlex English
27.1%
MichiganGeorge Gervin
24.3%
NebraskaBob Boozer
20.6%
NevadaRicky Davis
19%
ColoradoChauncey Billups
17.3%
TexasGrant Hill
16%
MississippiChet Walker
14.2%
State Born Player % Correct
UtahTom Chambers
11.1%
MissouriJo Jo White
11.1%
WisconsinLatrell Sprewell
10.9%
AlaskaMario Chalmers
10.5%
North CarolinaWalt Bellamy
10.5%
GeorgiaDale Ellis
10.2%
OklahomaMark Price
9.6%
KentuckyAllan Houston
9.6%
ConnecticutCalvin Murphy
7%
MassachusettsBill Laimbeer
6.8%
MarylandSam Cassell
6.2%
IllinoisTerry Cummings
5.7%
KansasAlvan Adams
5.4%
ArizonaSean Elliott
4%
IowaKirk Hinrich
3.7%
New HampshireMatt Bonner
3.6%
IdahoLuke Ridnour
2.1%
HawaiiCedric Ceballos
2%
MaineJeff Turner
1.7%
OregonMike Newlin
0.9%
New MexicoBill Bridges
0.9%
Rhode IslandErnie DiGregorio
0.7%
North DakotaMark Landsberger
0.4%
DelawareWalt Hazzard
0.3%
WyomingKenny Sailors
0.3%
Remove Ads.
Support Sporcle.
Get the best of Sporcle when you Go Orange. This ad-free experience offers more features, more stats, and more fun while also helping to support Sporcle. Thank you for becoming a member.

You're not logged in!

Compare scores with friends on all Sporcle quizzes.
OR
Log In

Show Comments

Extras

Top Quizzes Today


Score Distribution

Your Account Isn't Verified!

In order to create a playlist on Sporcle, you need to verify the email address you used during registration. Go to your Sporcle Settings to finish the process.

Report this User

Report this user for behavior that violates our Community Guidelines.

Details: